000 01707cam a22004697a 4500
001 000092940
003 CHAP
005 20220329142911.0
008 050125d2004 mx d r 00110 spa d
010 _a89406
011 _a90378
035 _a100934
040 _cCHAP
090 _aTesis
100 0 0 _aBaak Estrella, Braulio.
_99236
245 1 0 _aEvaluación de tres variedades de maíz bajo labranza mínima y la branza convencional en Comitancillo, Oaxaca /
_c/por Braulio Baak Estrella.
260 _aChapingo, Méx. :
_bEl autor,
_c2004.
300 _a86 h. :
_bgráfs. ; cuadros.
502 _aTesis (Ing. Agr. Esp. en Fitotecnia) -- UACH. Departamento de Fitotecnia
590 _aALEPH
_b10
_c20130110
_lUCH01
_h1503
590 _aBATCH-UPD
_b10
_c20130110
_lUCH01
_h0714
590 _aBATCH-UPD
_b10
_c20130110
_lUCH01
_h2330
590 _aBATCH-UPD
_b10
_c20130410
_lUCH01
_h0359
590 _aBATCH-UPD
_b10
_c20130914
_lUCH01
_h0514
590 _aBATCH-UPD
_b10
_c20140324
_lUCH01
_h1448
590 _aBATCH-UPD
_b10
_c20141002
_lUCH01
_h0824
590 _aBATCH
_b00
_c20181121
_lUCH01
_h0758
590 _aCONVERSION
_b10
_c20130109
_lUCH01
_h1350
590 _aE792CSJ
_b10
_c20130620
_lUCH01
_h0854
650 1 4 _aLabranza mínima.
_964309
650 1 4 _aLabranza.
_964303
650 1 4 _aMaíz
_xVariedades.
_971081
650 1 4 _aMaíz
_zOaxaca.
_971100
856 _3Finding aid
_uhttp://10.13.5.2/tesis/100934.pdf
_zTeclea aquí
856 _a1
_n0000683
901 _aBK
905 _aMarco A. Mendoza T.
942 _cCD
942 _n0
949 _aTesis
_bBC
_cTES
_d1009341
_eTS1
_gDonaciØn
_h43405
_i100934
_sb
949 _aTesis
_bBC
_cTES
_d33724000943759
_eTS2
_fc.2
_gDonaciØn
_h43406
_i100934
_sb
999 _c89406
_d89406